| 000 -LEADER |
| fixed length control field |
00753nam a22001337a 4500 |
| 040 ## - CATALOGING SOURCE |
| Transcribing agency |
RUA |
| 082 ## - DEWEY DECIMAL CLASSIFICATION NUMBER |
| Classification number |
AGR OM 2020 B1-490 Or. |
| 100 ## - MAIN ENTRY--AUTHOR NAME |
| Personal name |
OM SOVANNY អ៊ុំ សុវន្នី |
| 245 ## - TITLE STATEMENT |
| Title |
NITROGEN AND IRRIGATION UTILIZATION ON POK CHOY (Brassica chinensis) PRODUCTION UNDER HIGH TUNNEL CONDITION ON LOAMY SOIL TEXTUER ការប្រើប្រាស់អាសូត និងការស្រោចស្រពលើដំណាំស្ពៃតឿក្រៀមលក្ខខណ្ឌផ្ទះសំណាញ់លើដីល្បាយ |
| 260 ## - PUBLICATION, DISTRIBUTION, ETC. (IMPRINT) |
| Place of publication |
PHNOM PENH |
| Name of publisher |
RUA |
| Year of publication |
2020 |
| 300 ## - PHYSICAL DESCRIPTION |
| Number of Pages |
IX. 36P |
| Other physical details |
VII. |
| Dimensions |
29CM |
| 856 ## - ELECTRONIC LOCATION AND ACCESS |
| Uniform Resource Identifier |
https://drive.google.com/file/d/1KV2oTr6CbEc-w68rwZlejxi9FgPfDlmH/view?usp=sharing |
| 942 ## - ADDED ENTRY ELEMENTS (KOHA) |
| Koha item type |
AGR |
| 952 ## - LOCATION AND ITEM INFORMATION (KOHA) |
| Withdrawn status [LOCAL, KOHA] |
0 |
| 952 ## - LOCATION AND ITEM INFORMATION (KOHA) |
| Withdrawn status [LOCAL, KOHA] |
0 |
| 952 ## - LOCATION AND ITEM INFORMATION (KOHA) |
| Withdrawn status [LOCAL, KOHA] |
0 |
| 952 ## - LOCATION AND ITEM INFORMATION (KOHA) |
| Withdrawn status [LOCAL, KOHA] |
0 |